zpět

Detail výsledku týmu

Patro Pub, Tišnov

Datum a čas kvízu

32 Celkem bodů Celkový počet nahraných bodů na tomto kvízu bez doplňovacích otázek.
6. Pořadí na kvízu Konečné umístění týmu na tomto kvízu.

Zaznamenané odpovědi

# Otázka Odpověď Body Výsledky
1. Čerstvý výtisk nového dobrodru... Dan Brown; Tajemství všech tajemství 1
2. Ve čtvrtek odsoudil nejvyšší s... Brazílie; Jair Bolsonaro 1
3. Ve čtvrtek měla v českých kin... Srnky 1
4. Minulý týden přišli vědci s př... Benátky (Venezia) 1
5. Čeští volejbalisté si po dlouh... Filipíny 0
6. V tomto tématu se budeme zabýv... sestra - bratr 1
7. Chronologicky seřaďte vybrané... 1D 2B 3C 4A 1
8. Která z uvedených osobností je... C 0
9. V této otázce nás bude zajímat... Přemysl Otakar I. 1
10. Přiřaďte příbuzenské vztahy vy... 1B 2D 3A 4C 1